[Event "Mecklenburg VP VL 1718"]
[Site "Mecklenburg VP"]
[Date "2017.12.10"]
[Round "4.8"]
[White "Schulz, Daniel"]
[Black "Pentzien, Volker"]
[Result "1-0"]
[WhiteElo "1764"]
[BlackElo "1771"]
[PlyCount "47"]
[EventDate "2017.10.08"]
[EventType "team-tourn"]
[EventRounds "9"]
[EventCountry "GER"]
[SourceTitle "EXT 2022"]
[Source "ChessBase"]
[SourceDate "2021.10.06"]
[SourceVersion "1"]
[SourceVersionDate "2021.10.06"]
[SourceQuality "1"]
[WhiteTeam "Neubrandenburg SG Eintracht"]
[BlackTeam "Wismar ASV Gruen-Weiss"]
[WhiteTeamCountry "GER"]
[BlackTeamCountry "GE2"]

1. e4 e5 2. Nc3 Nf6 3. f4 d5 4. fxe5 Nxe4 5. Nf3 Bc5 6. d4 Bb4 7. Bd2 Nc6 8. Bb5 Bxc3 9. bxc3 0-0 10. 0-0 Be6 11. Bd3 Nxd2 12. Qxd2 f6 13. exf6 Qxf6 14. Bxh7+ Kh8 15. Bd3 Bg4 16. Ne5 Qd6 17. Ng6+ Kg8 18. Nxf8 Rxf8 19. Rxf8+ Qxf8 20. Rf1 Qe7 21. Qf4 Bd7 22. Qf3 Be6 23. Qh5 g6 24. Qxg6+ 1-0

[Event "Mecklenburg VP LL2 West 1617"]
[Site "Mecklenburg VP"]
[Date "2017.03.19"]
[Round "7.1"]
[White "Pentzien, Volker"]
[Black "Graffenberger, Martin"]
[Result "1/2-1/2"]
[WhiteElo "1909"]
[BlackElo "1987"]
[PlyCount "57"]
[EventDate "2016.10.16"]
[EventType "team-tourn"]
[EventRounds "9"]
[EventCountry "GER"]
[SourceTitle "EXT 2022"]
[Source "ChessBase"]
[SourceDate "2021.10.06"]
[SourceVersion "1"]
[SourceVersionDate "2021.10.06"]
[SourceQuality "1"]
[WhiteTeam "Wismar ASV Gruen-Weiss II"]
[BlackTeam "Neukloster VfL Blau Weiss"]
[WhiteTeamCountry "GER"]
[BlackTeamCountry "GER"]

1. e4 e5 2. Nf3 Nc6 3. Bb5 a6 4. Ba4 Nf6 5. 0-0 Be7 6. Re1 b5 7. Bb3 d6 8. h3 0-0 9. c3 Nd7 10. d4 Bf6 11. d5 Ne7 12. a4 Bb7 13. Be3 Nc5 14. Nbd2 Nd3 15. Re2 Nxb2 16. Qc2 Nxa4 17. Bxa4 bxa4 18. Qxa4 c6 19. Rb1 Qc7 20. Bb6 Qc8 21. Nc4 cxd5 22. Nxd6 Qc6 23. Qa3 dxe4 24. Nxe4 Qc4 25. Nxf6+ gxf6 26. Qxe7 Bxf3 27. Qxf6 Bxe2 28. Qg5+ Kh8 29. Qf6+ 1/2-1/2

[Event "GER-chT11-A email"]
[Site "GER email"]
[Date "2015.10.15"]
[Round "?.3"]
[White "Pentzien, Volker"]
[Black "Windhorst, Werner"]
[Result "1/2-1/2"]
[WhiteElo "2404"]
[BlackElo "2511"]
[PlyCount "75"]
[EventDate "2015.??.??"]
[EventType "tourn (corr)"]
[EventRounds "8"]
[EventCountry "GER"]
[SourceTitle "Corr 2017"]
[Source "ChessBase"]
[SourceDate "2017.09.19"]
[SourceVersion "1"]
[SourceVersionDate "2017.09.19"]
[SourceQuality "1"]
[WhiteTeam "HSG Uni Rostock"]
[BlackTeam "SG Freibauer Luebbecke"]

1. e4 e5 2. Nf3 Nc6 3. d4 exd4 4. Nxd4 Bc5 5. Nxc6 Qf6 6. Qf3 bxc6 7. Nd2 d6 8. Bd3 Qxf3 9. Nxf3 Ne7 10. 0-0 0-0 11. Re1 Ng6 12. Be3 Bb6 13. g3 Bg4 14. Kg2 Bxf3+ 15. Kxf3 Ne5+ 16. Ke2 Rfe8 17. f3 d5 18. Kf2 Re6 19. Bxb6 axb6 20. h4 Rf6 21. f4 Nxd3+ 22. cxd3 dxe4 23. dxe4 Rd6 24. Ke3 Rad8 25. Kf3 Rd2 26. b4 g6 27. e5 R8d4 28. a3 Rc2 29. Rac1 Rd3+ 30. Ke4 Rxc1 31. Rxc1 Rxa3 32. Rxc6 Rxg3 33. Rxc7 Rb3 34. Rc4 b5 35. Rd4 Kf8 36. h5 gxh5 37. Kf5 Rg3 38. Rd8+ 1/2-1/2

[Event "GER-chT11-A email"]
[Site "GER email"]
[Date "2015.10.15"]
[Round "?.3"]
[White "Traut, Gerhard"]
[Black "Pentzien, Volker"]
[Result "1/2-1/2"]
[WhiteElo "1986"]
[BlackElo "2404"]
[PlyCount "85"]
[EventDate "2015.??.??"]
[EventType "tourn (corr)"]
[EventRounds "8"]
[EventCountry "GER"]
[SourceTitle "Corr 2017"]
[Source "ChessBase"]
[SourceDate "2017.09.19"]
[SourceVersion "1"]
[SourceVersionDate "2017.09.19"]
[SourceQuality "1"]
[WhiteTeam "SC Uttenreuth"]
[BlackTeam "HSG Uni Rostock"]

1. d4 Nf6 2. c4 e6 3. Nc3 Bb4 4. Qc2 0-0 5. a3 Bxc3+ 6. Qxc3 b6 7. Bg5 Bb7 8. e3 d6 9. Ne2 Nbd7 10. Qc2 c5 11. Rd1 cxd4 12. Rxd4 h6 13. Bh4 Qe7 14. Nc3 Rad8 15. f3 d5 16. cxd5 exd5 17. Bf2 Nc5 18. Be2 Ne6 19. Rd1 d4 20. exd4 Nf4 21. 0-0 N6d5 22. Rfe1 Qg5 23. Bf1 Nxc3 24. h4 Nce2+ 25. Kh2 Qf6 26. Bxe2 Rc8 27. Qd2 Rfd8 28. Rc1 Rxc1 29. Qxc1 Ne6 30. Bf1 Nxd4 31. Qc3 Qd6+ 32. Kg1 Ne6 33. b4 Rc8 34. Qe3 Bc6 35. b5 Bd7 36. a4 Rc5 37. Qa3 Nf4 38. Ra1 Rd5 39. Qxd6 Rxd6 40. Be3 Nd5 41. Bd4 g5 42. a5 f6 43. axb6 1/2-1/2

[Event "Mecklenburg VP VL 1516"]
[Site "Mecklenburg VP"]
[Date "2015.10.11"]
[Round "2.8"]
[White "Dettmann, Uwe"]
[Black "Pentzien, Volker"]
[Result "1/2-1/2"]
[WhiteElo "1820"]
[BlackElo "1810"]
[PlyCount "23"]
[EventDate "2015.09.20"]
[EventType "team-tourn"]
[EventRounds "9"]
[EventCountry "GER"]
[SourceTitle "EXT 2022"]
[Source "ChessBase"]
[SourceDate "2021.10.06"]
[SourceVersion "1"]
[SourceVersionDate "2021.10.06"]
[SourceQuality "1"]
[WhiteTeam "Guestrow/Teterow"]
[BlackTeam "Wismar ASV Gruen-Weiss"]
[WhiteTeamCountry "GER"]
[BlackTeamCountry "GER"]

1. d4 Nf6 2. Nf3 g6 3. g3 Bg7 4. Bg2 0-0 5. 0-0 d5 6. Nbd2 Nbd7 7. c3 c5 8. Re1 cxd4 9. Nxd4 e5 10. N4b3 b6 11. e4 Bb7 12. exd5 1/2-1/2

[Event "Mecklenburg VP LL2 West 1415"]
[Site "Mecklenburg VP"]
[Date "2015.04.26"]
[Round "9.1"]
[White "Pentzien, Volker"]
[Black "Stadler, Bertino"]
[Result "1/2-1/2"]
[WhiteElo "1830"]
[BlackElo "1675"]
[PlyCount "101"]
[EventDate "2014.09.21"]
[EventType "team-tourn"]
[EventRounds "9"]
[EventCountry "GER"]
[SourceTitle "EXT 2022"]
[Source "ChessBase"]
[SourceDate "2021.10.06"]
[SourceVersion "1"]
[SourceVersionDate "2021.10.06"]
[SourceQuality "1"]
[WhiteTeam "Wismar ASV Gruen-Weiss II"]
[BlackTeam "Kuehlungsborn SV Empor"]
[WhiteTeamCountry "GER"]
[BlackTeamCountry "GER"]

1. e4 c5 2. Nf3 Nc6 3. d4 cxd4 4. Nxd4 d6 5. Nc3 Bd7 6. Be3 g6 7. Be2 Bg7 8. 0-0 Nf6 9. f3 0-0 10. Nd5 b6 11. Bb5 Nxd4 12. Bxd7 Nxf3+ 13. Rxf3 Nxd7 14. c3 Ne5 15. Rh3 Qd7 16. Qe1 h5 17. Qh4 Rae8 18. Rf1 Ng4 19. Bg5 f6 20. Bc1 e6 21. Nf4 Qf7 22. b3 Rc8 23. c4 f5 24. exf5 Qxf5 25. Qe1 Bd4+ 26. Kh1 e5 27. Rhf3 exf4 28. Rxf4 Qe5 29. Qh4 Be3 30. Bxe3 Nxe3 31. Qg3 g5 32. Rxf8+ Rxf8 33. Rxf8+ Kxf8 34. Qf3+ Qf4 35. Qa8+ Kg7 36. h3 h4 37. Qxa7+ Kf6 38. Qa8 Ke5 39. Qh8+ Qf6 40. Qe8+ Kd4 41. Qc6 Qf1+ 42. Kh2 d5 43. Qxb6+ Kd3 44. Qg6+ Qf5 45. Qxf5+ Nxf5 46. cxd5 Kd4 47. d6 Nxd6 48. g3 Ke3 49. gxh4 gxh4 50. Kg2 Ke2 51. a4 1/2-1/2

[Event "Mecklenburg VP VL 1415"]
[Site "Mecklenburg VP"]
[Date "2014.12.07"]
[Round "4.7"]
[White "Pentzien, Volker"]
[Black "Massloch, Philipp"]
[Result "1-0"]
[WhiteElo "1830"]
[BlackElo "1639"]
[PlyCount "63"]
[EventDate "2014.09.21"]
[EventType "team-tourn"]
[EventRounds "9"]
[EventCountry "GER"]
[SourceTitle "EXT 2022"]
[Source "ChessBase"]
[SourceDate "2021.10.06"]
[SourceVersion "1"]
[SourceVersionDate "2021.10.06"]
[SourceQuality "1"]
[WhiteTeam "Wismar ASV Gruen-Weiss"]
[BlackTeam "Torgelow Droegeheide"]
[WhiteTeamCountry "GER"]
[BlackTeamCountry "GER"]

1. e4 c5 2. Nf3 Nc6 3. d4 cxd4 4. Nxd4 Nf6 5. Nc3 e5 6. Ndb5 d6 7. Bg5 a6 8. Na3 b5 9. Bxf6 gxf6 10. Nd5 Bg7 11. c3 0-0 12. Bd3 Be6 13. Qh5 Rb8 14. Nc2 a5 15. a3 Ne7 16. Nce3 Qd7 17. Nxe7+ Qxe7 18. 0-0 Qd7 19. f4 Qa7 20. Rf3 Kh8 21. f5 Bc4 22. Rh3 h6 23. Bxc4 bxc4 24. Kh1 Rxb2 25. Ng4 Rfb8 26. Rd1 Rb1 27. Nxh6 Rxd1+ 28. Qxd1 Bxh6 29. Rxh6+ Kg7 30. Rh3 Qb7 31. Rg3+ Kf8 32. Qxd6+ 1-0

[Event "Mecklenburg VP VL 1415"]
[Site "Mecklenburg VP"]
[Date "2014.11.23"]
[Round "3.7"]
[White "Vietinghoff, Klaus"]
[Black "Pentzien, Volker"]
[Result "0-1"]
[WhiteElo "1690"]
[BlackElo "1830"]
[PlyCount "90"]
[EventDate "2014.09.21"]
[EventType "team-tourn"]
[EventRounds "9"]
[EventCountry "GER"]
[SourceTitle "EXT 2022"]
[Source "ChessBase"]
[SourceDate "2021.10.06"]
[SourceVersion "1"]
[SourceVersionDate "2021.10.06"]
[SourceQuality "1"]
[WhiteTeam "Stralsund FHSG"]
[BlackTeam "Wismar ASV Gruen-Weiss"]
[WhiteTeamCountry "GER"]
[BlackTeamCountry "GER"]

1. f4 d5 2. Nf3 c5 3. e3 Nc6 4. Bb5 Bd7 5. Bxc6 Bxc6 6. d3 Nf6 7. 0-0 e6 8. Nbd2 Be7 9. Ne5 Qb6 10. Ndf3 0-0 11. g4 Nd7 12. Nxd7 Bxd7 13. Ne5 Be8 14. g5 f6 15. gxf6 Rxf6 16. Kh1 Rf5 17. Rg1 Bh5 18. Qf1 Qc7 19. Qg2 Bd6 20. Ng4 Bxg4 21. Qxg4 Raf8 22. Bd2 d4 23. e4 R5f6 24. e5 Rg6 25. Qe2 Qc6+ 26. Rg2 Be7 27. Kg1 Rxg2+ 28. Qxg2 Qxg2+ 29. Kxg2 Rf5 30. Rf1 Bh4 31. Rf3 g5 32. Kh3 Kg7 33. Kg2 Kg6 34. h3 h5 35. Rf1 gxf4 36. Bxf4 Bg5 37. Kg3 Bxf4+ 38. Rxf4 Rxe5 39. h4 Rf5 40. a4 e5 41. Re4 Kf6 42. Re2 Rf1 43. Rf2+ Rxf2 44. Kxf2 Kf5 45. Kf3 c4 0-1

[Event "Mecklenburg VP VL 1415"]
[Site "Mecklenburg VP"]
[Date "2014.11.09"]
[Round "2.6"]
[White "Sadewasser, Lucie"]
[Black "Pentzien, Volker"]
[Result "1/2-1/2"]
[WhiteElo "1682"]
[BlackElo "1830"]
[PlyCount "114"]
[EventDate "2014.09.21"]
[EventType "team-tourn"]
[EventRounds "9"]
[EventCountry "GER"]
[SourceTitle "EXT 2022"]
[Source "ChessBase"]
[SourceDate "2021.10.06"]
[SourceVersion "1"]
[SourceVersionDate "2021.10.06"]
[SourceQuality "1"]
[WhiteTeam "Gryps SV"]
[BlackTeam "Wismar ASV Gruen-Weiss"]
[WhiteTeamCountry "GER"]
[BlackTeamCountry "GER"]

1. e4 e5 2. Nf3 Nc6 3. Bc4 Nf6 4. d3 Bc5 5. Nc3 d6 6. a3 Bg4 7. Be3 Nd4 8. Nb5 Nxf3+ 9. gxf3 Bxe3 10. fxg4 Bf4 11. Nc3 h5 12. gxh5 Nxh5 13. Qg4 Qg5 14. Qxg5 Bxg5 15. Nd5 0-0-0 16. Rg1 f6 17. Ne7+ Kb8 18. Nf5 c6 19. h4 Bf4 20. Bf7 g5 21. hxg5 Bxg5 22. Bxh5 Rxh5 23. Ng7 Rh2 24. Ne6 Rg8 25. Ke2 Kc8 26. Rg3 Kd7 27. Nxg5 Rxg5 28. Rxg5 fxg5 29. Rg1 Rh5 30. Kf3 Ke6 31. Rg3 Kf6 32. Kg2 d5 33. Rf3+ Kg6 34. Rf8 Rh7 35. Rd8 dxe4 36. dxe4 Rf7 37. Re8 Kf6 38. Kg3 Rh7 39. Ra8 a6 40. Rd8 Rh1 41. Rd7 Rg1+ 42. Kf3 g4+ 43. Ke2 g3 44. fxg3 Rg2+ 45. Kf3 Rxc2 46. Rxb7 a5 47. Rb3 Kg5 48. Rb8 a4 49. Rb4 c5 50. Rb8 c4 51. Rb5 Kf6 52. Kg4 c3 53. bxc3 Rxc3 54. Rb6+ Kf7 55. Rb5 Kf6 56. Rb6+ Kf7 57. Rb5 Kf6 1/2-1/2

[Event "Mecklenburg VP LL2 West 1314"]
[Site "Mecklenburg VP"]
[Date "2013.12.15"]
[Round "4.8"]
[White "Pentzien, Volker"]
[Black "Noelck, Ulrich"]
[Result "1-0"]
[WhiteElo "1832"]
[BlackElo "1597"]
[PlyCount "93"]
[EventDate "2013.10.27"]
[EventType "team-tourn"]
[EventRounds "9"]
[EventCountry "GER"]
[SourceTitle "EXT 2022"]
[Source "ChessBase"]
[SourceDate "2021.10.06"]
[SourceVersion "1"]
[SourceVersionDate "2021.10.06"]
[SourceQuality "1"]
[WhiteTeam "Wismar ASV Gruen-Weiss"]
[BlackTeam "Kuehlungsborn SV Empor"]
[WhiteTeamCountry "GER"]
[BlackTeamCountry "GER"]

1. e4 e5 2. Nf3 Nc6 3. Bb5 d6 4. 0-0 Be7 5. c3 Nf6 6. d4 exd4 7. cxd4 0-0 8. Nc3 Bg4 9. Be3 a6 10. Bd3 Re8 11. a3 Qd7 12. Rc1 Rac8 13. Ne2 Bxf3 14. gxf3 Bf8 15. Kh1 g6 16. Rg1 Bg7 17. Qf1 Nh5 18. f4 Nf6 19. Qg2 Kh8 20. f5 Nh5 21. fxg6 fxg6 22. e5 Ne7 23. Qxb7 dxe5 24. Bxa6 exd4 25. Rgd1 Rb8 26. Rxd4 Qxd4 27. Nxd4 Rxb7 28. Bxb7 Be5 29. b4 Rd8 30. Ne6 Rb8 31. Bf3 Nf5 32. Ba7 Re8 33. Nxc7 Rc8 34. Bb6 Bb2 35. Rc4 Bxa3 36. Bxh5 gxh5 37. Rf4 Ng7 38. Nd5 Bb2 39. Bc5 Ne6 40. Rc4 Kg7 41. Kg2 Kf7 42. Kf3 Nxc5 43. Rxc5 Rxc5 44. bxc5 Bd4 45. c6 Ke6 46. Nf4+ Kd6 47. c7 1-0

[Event "GER-chT10 LJ-01 Br03 email"]
[Site "GER email"]
[Date "2013.10.04"]
[Round "?"]
[White "Pentzien, Volker"]
[Black "Hanio, Josef"]
[Result "1-0"]
[WhiteElo "2238"]
[BlackElo "2145"]
[PlyCount "59"]
[EventDate "2013.10.15"]
[EventType "tourn (corr)"]
[EventRounds "8"]
[EventCountry "GER"]
[SourceTitle "Corr 2015"]
[Source "ChessBase"]
[SourceDate "2015.07.17"]
[SourceVersion "1"]
[SourceVersionDate "2015.07.17"]
[SourceQuality "1"]

1. e4 c5 2. Nf3 d6 3. d4 cxd4 4. Nxd4 Nf6 5. Nc3 a6 6. Be3 e5 7. Nb3 Be6 8. f3 Be7 9. Qd2 0-0 10. 0-0-0 Nbd7 11. g4 b5 12. g5 b4 13. Ne2 Ne8 14. f4 a5 15. f5 a4 16. fxe6 axb3 17. cxb3 fxe6 18. Bh3 Rxa2 19. Bxe6+ Kh8 20. Ng3 Nc7 21. Bc4 Qa8 22. Rhf1 Rxf1 23. Rxf1 Ra1+ 24. Kc2 Rxf1 25. Bxf1 d5 26. Qf2 Qc6+ 27. Kb1 d4 28. Bd2 g6 29. h4 Ne6 30. Qf7 1-0

[Event "GER-chT10 LJ-01 Br03 email"]
[Site "GER email"]
[Date "2013.10.04"]
[Round "?"]
[White "Repp, Heinrich"]
[Black "Pentzien, Volker"]
[Result "1/2-1/2"]
[WhiteElo "2283"]
[BlackElo "2238"]
[PlyCount "52"]
[EventDate "2013.10.15"]
[EventType "tourn (corr)"]
[EventRounds "8"]
[EventCountry "GER"]
[SourceTitle "Corr 2015"]
[Source "ChessBase"]
[SourceDate "2015.07.17"]
[SourceVersion "1"]
[SourceVersionDate "2015.07.17"]
[SourceQuality "1"]

1. e4 e5 2. Nf3 Nc6 3. Bb5 a6 4. Ba4 Nf6 5. 0-0 Be7 6. Bxc6 dxc6 7. d3 Nd7 8. Nbd2 0-0 9. Nc4 f6 10. Nh4 g6 11. Bh6 Re8 12. Qf3 Bf8 13. Qe3 Qe7 14. a4 a5 15. Nf3 Bxh6 16. Qxh6 Nc5 17. Nfd2 Ne6 18. Ne3 Qb4 19. Ndc4 Qf8 20. Qxf8+ Kxf8 21. g3 Kg7 22. Kg2 b6 23. h4 Nd4 24. f3 Be6 25. Rf2 Rad8 26. Rh1 Bf7 1/2-1/2

[Event "Mecklenburg VP VL 1112"]
[Site "Mecklenburg VP"]
[Date "2012.01.15"]
[Round "5.6"]
[White "Pentzien, Volker"]
[Black "Ehlers, Michael2222"]
[Result "1/2-1/2"]
[WhiteElo "1834"]
[BlackElo "1848"]
[PlyCount "59"]
[EventDate "2011.10.02"]
[EventType "team-tourn"]
[EventRounds "9"]
[EventCountry "GER"]
[SourceTitle "EXT 2022"]
[Source "ChessBase"]
[SourceDate "2021.10.06"]
[SourceVersion "1"]
[SourceVersionDate "2021.10.06"]
[SourceQuality "1"]
[WhiteTeam "Wismar ASV Gruen-Weiss"]
[BlackTeam "Torgelow Droegeheide"]
[WhiteTeamCountry "GER"]
[BlackTeamCountry "GER"]

1. d4 Nf6 2. c4 g6 3. Nc3 d5 4. cxd5 Nxd5 5. e4 Nxc3 6. bxc3 Bg7 7. Bc4 0-0 8. Ne2 c5 9. 0-0 Nc6 10. Be3 cxd4 11. cxd4 Na5 12. Bd3 b6 13. Rc1 Bb7 14. d5 Rc8 15. Qd2 Qd7 16. Nd4 Rfd8 17. Nb5 Ba6 18. Rxc8 Rxc8 19. Qe2 Nc4 20. Rc1 Nxe3 21. Rxc8+ Qxc8 22. Qxe3 Bxb5 23. Bxb5 Qc2 24. a3 Qd1+ 25. Bf1 Bd4 26. Qf3 Qa1 27. Qb3 Bc5 28. a4 Qd4 29. Qc2 Qe5 30. g3 1/2-1/2

[Event "Mecklenburg VP VL 1112"]
[Site "Mecklenburg VP"]
[Date "2011.10.23"]
[Round "2.7"]
[White "Pentzien, Volker"]
[Black "Nauschuetz, Ernst"]
[Result "1-0"]
[WhiteElo "1834"]
[BlackElo "1844"]
[PlyCount "51"]
[EventDate "2011.10.02"]
[EventType "team-tourn"]
[EventRounds "9"]
[EventCountry "GER"]
[SourceTitle "EXT 2022"]
[Source "ChessBase"]
[SourceDate "2021.10.06"]
[SourceVersion "1"]
[SourceVersionDate "2021.10.06"]
[SourceQuality "1"]
[WhiteTeam "Wismar ASV Gruen-Weiss"]
[BlackTeam "Greifswald II"]
[WhiteTeamCountry "GER"]
[BlackTeamCountry "GER"]

1. d4 Nf6 2. c4 e6 3. g3 Bb4+ 4. Bd2 Qe7 5. Bg2 0-0 6. Nc3 c5 7. a3 Bxc3 8. Bxc3 d6 9. e3 Nc6 10. Ne2 Rb8 11. 0-0 Bd7 12. b4 Rfc8 13. dxc5 dxc5 14. b5 Nd8 15. Be5 Ra8 16. Qd3 Ng4 17. Bd6 Qf6 18. f4 Qh6 19. h3 Nf6 20. e4 Be8 21. e5 Nd7 22. f5 exf5 23. Rxf5 Nf8 24. g4 Nfe6 25. Rh5 Nf4 26. Nxf4 1-0

[Event "GER-chT9 LI-01 Br03 email"]
[Site "GER email"]
[Date "2011.10.16"]
[Round "?"]
[White "Geissler, Walter"]
[Black "Pentzien, Volker"]
[Result "1/2-1/2"]
[WhiteElo "2091"]
[BlackElo "2232"]
[PlyCount "55"]
[EventDate "2011.10.23"]
[EventType "tourn (corr)"]
[EventRounds "9"]
[EventCountry "GER"]
[SourceTitle "Corr 2015"]
[Source "ChessBase"]
[SourceDate "2015.07.17"]
[SourceVersion "1"]
[SourceVersionDate "2015.07.17"]
[SourceQuality "1"]

1. e4 e5 2. Nf3 Nc6 3. Bb5 a6 4. Ba4 Nf6 5. 0-0 Be7 6. Re1 b5 7. Bb3 0-0 8. h3 Bb7 9. d3 d6 10. a3 Na5 11. Ba2 c5 12. Nbd2 Nc6 13. Nf1 Bc8 14. c3 Be6 15. Bxe6 fxe6 16. b4 d5 17. exd5 Qxd5 18. Ne3 Qd7 19. Qb3 Nd5 20. Nxd5 exd5 21. Nxe5 Nxe5 22. Rxe5 c4 23. dxc4 dxc4 24. Qc2 Bf6 25. Rc5 Be7 26. Re5 Bf6 27. Rc5 Be7 28. Re5 1/2-1/2

[Event "GER-chT9 LI-01 Br03 email"]
[Site "GER email"]
[Date "2011.10.16"]
[Round "?"]
[White "Pentzien, Volker"]
[Black "Burgarth, Ulrich"]
[Result "1-0"]
[WhiteElo "2232"]
[BlackElo "2242"]
[PlyCount "115"]
[EventDate "2011.10.23"]
[EventType "tourn (corr)"]
[EventRounds "9"]
[EventCountry "GER"]
[SourceTitle "Corr 2015"]
[Source "ChessBase"]
[SourceDate "2015.07.17"]
[SourceVersion "1"]
[SourceVersionDate "2015.07.17"]
[SourceQuality "1"]

1. e4 c5 2. Nf3 d6 3. d4 cxd4 4. Nxd4 Nf6 5. Nc3 a6 6. Be3 Ng4 7. Bg5 h6 8. Bh4 g5 9. Bg3 Bg7 10. h3 Ne5 11. f3 Nbc6 12. Bf2 Be6 13. Qd2 Qa5 14. Nb3 Bxb3 15. cxb3 Rc8 16. 0-0-0 Ng6 17. Kb1 e6 18. h4 Nxh4 19. f4 Ng6 20. g3 Rd8 21. Bg2 gxf4 22. gxf4 h5 23. f5 exf5 24. exf5 Qxf5+ 25. Ka1 0-0 26. Rdf1 Rde8 27. Bd4 Qg4 28. Bxg7 Kxg7 29. Bf3 Qd4 30. Qg2 Re3 31. Rxh5 Rfe8 32. Ne2 Qf6 33. Bg4 Qe7 34. Qh1 Re4 35. Rh7+ Kg8 36. Qh6 Qf8 37. Qh3 Rxg4 38. Rh1 Rge4 39. Rh8+ Kg7 40. Qh6+ Kf6 41. Rxf8 Rxf8 42. Nc3 Re5 43. Rf1+ Ke6 44. a3 Nce7 45. Qh1 Rb8 46. Qg1 Rd8 47. Qg2 Rd7 48. Ne4 f5 49. Ng5+ Kf6 50. Rh1 Rc7 51. b4 b5 52. Nh7+ Kf7 53. Qg5 Rc6 54. Qf6+ Ke8 55. Qg7 Kd7 56. Rg1 Nf4 57. Nf6+ Kc7 58. Qf8 1-0

[Event "GER-chT9 LI-01 Br03 email"]
[Site "GER email"]
[Date "2011.10.16"]
[Round "?"]
[White "Zapletal, Jindrich"]
[Black "Pentzien, Volker"]
[Result "1/2-1/2"]
[WhiteElo "2285"]
[BlackElo "2232"]
[PlyCount "69"]
[EventDate "2011.10.23"]
[EventType "tourn (corr)"]
[EventRounds "9"]
[EventCountry "GER"]
[SourceTitle "Corr 2015"]
[Source "ChessBase"]
[SourceDate "2015.07.17"]
[SourceVersion "1"]
[SourceVersionDate "2015.07.17"]
[SourceQuality "1"]

1. e4 e5 2. Nf3 Nc6 3. Bb5 a6 4. Ba4 Nf6 5. 0-0 b5 6. Bb3 Bb7 7. d3 Be7 8. Re1 0-0 9. Nbd2 d6 10. a4 Na5 11. Ba2 c5 12. Nf1 b4 13. c3 bxc3 14. bxc3 c4 15. Ng3 g6 16. Rb1 Bc6 17. d4 Rb8 18. Rxb8 Qxb8 19. Ba3 Re8 20. Bb4 Qc7 21. h3 exd4 22. Qxd4 Bxa4 23. Bxa5 Qxa5 24. Qxc4 Rf8 25. Ra1 Kh8 26. Nd4 Bb5 27. Qb4 Qc7 28. Nxb5 axb5 29. Bb3 Kg7 30. Qd4 Qc6 31. Ra7 Bd8 32. Bd5 Qb6 33. Ne2 Qxd4 34. Nxd4 Bb6 35. Ne6+ 1/2-1/2

[Event "Mecklenburg VP VL 1112"]
[Site "Mecklenburg VP"]
[Date "2011.10.02"]
[Round "1.7"]
[White "Vlach, Michael"]
[Black "Pentzien, Volker"]
[Result "1/2-1/2"]
[WhiteElo "1652"]
[BlackElo "1834"]
[PlyCount "45"]
[EventDate "2011.10.02"]
[EventType "team-tourn"]
[EventRounds "9"]
[EventCountry "GER"]
[SourceTitle "EXT 2022"]
[Source "ChessBase"]
[SourceDate "2021.10.06"]
[SourceVersion "1"]
[SourceVersionDate "2021.10.06"]
[SourceQuality "1"]
[WhiteTeam "Stralsund FHSG"]
[BlackTeam "Wismar ASV Gruen-Weiss"]
[WhiteTeamCountry "GER"]
[BlackTeamCountry "GER"]

1. d4 Nf6 2. c4 g6 3. Nc3 d5 4. cxd5 Nxd5 5. Qb3 Nxc3 6. bxc3 Bg7 7. e3 0-0 8. Nf3 Nc6 9. Ba3 b6 10. Be2 Bb7 11. 0-0 Re8 12. Rad1 e6 13. c4 Qf6 14. c5 Rab8 15. cxb6 cxb6 16. Bb4 Nxb4 17. Qxb4 Bd5 18. a4 Bf8 19. Qb2 Bd6 20. Rc1 Rec8 21. Rxc8+ Rxc8 22. Rc1 Qd8 23. Nd2 1/2-1/2

[Event "Mecklenburg VP VL 1011"]
[Site "Mecklenburg VP"]
[Date "2011.01.16"]
[Round "?"]
[White "Pentzien, Volker"]
[Black "Moeller, Stefan"]
[Result "1-0"]
[WhiteElo "1867"]
[BlackElo "1688"]
[PlyCount "39"]
[EventDate "2010.10.10"]
[EventType "team-tourn"]
[EventRounds "9"]
[EventCountry "GER"]
[SourceTitle "EXT 2022"]
[Source "ChessBase"]
[SourceDate "2021.10.06"]
[SourceVersion "1"]
[SourceVersionDate "2021.10.06"]
[SourceQuality "1"]
[WhiteTeam "Wismar ASV Gruen-Weiss"]
[BlackTeam "Rostock HSG Uni"]
[WhiteTeamCountry "GER"]
[BlackTeamCountry "GER"]

1. d4 Nf6 2. c4 e6 3. g3 d5 4. Bg2 Be7 5. Nc3 c6 6. Nf3 Nbd7 7. 0-0 dxc4 8. a4 Nd5 9. e4 Nxc3 10. bxc3 b5 11. d5 Nc5 12. Nd4 Nxa4 13. Nxc6 Qd7 14. Nxe7 Qxe7 15. Ba3 Qf6 16. e5 Qd8 17. dxe6 Qxd1 18. Rfxd1 Nxc3 19. Bc6+ Bd7 20. Rxd7 1-0

[Event "Mecklenburg VP VL 1011"]
[Site "Mecklenburg VP"]
[Date "2010.10.24"]
[Round "2.6"]
[White "Bahr, Enrico"]
[Black "Pentzien, Volker"]
[Result "1-0"]
[WhiteElo "1853"]
[BlackElo "1867"]
[PlyCount "59"]
[EventDate "2010.10.10"]
[EventType "team-tourn"]
[EventRounds "9"]
[EventCountry "GER"]
[SourceTitle "EXT 2022"]
[Source "ChessBase"]
[SourceDate "2021.10.06"]
[SourceVersion "1"]
[SourceVersionDate "2021.10.06"]
[SourceQuality "1"]
[WhiteTeam "Neukloster II"]
[BlackTeam "Wismar ASV Gruen-Weiss"]
[WhiteTeamCountry "GER"]
[BlackTeamCountry "GER"]

1. d4 Nf6 2. Nf3 d5 3. Bf4 e6 4. e3 c5 5. c3 cxd4 6. exd4 Bd6 7. Bxd6 Qxd6 8. Nbd2 Nc6 9. Bd3 0-0 10. Qe2 Re8 11. Ne5 Nd7 12. Bxh7+ Kf8 13. f4 Nf6 14. Bd3 Ke7 15. g4 Rh8 16. 0-0-0 Bd7 17. g5 Nh5 18. Rhf1 Rac8 19. Kb1 Nxe5 20. fxe5 Qb6 21. Qf3 Be8 22. Nb3 Kd8 23. Nc5 Kc7 24. Qe2 Kb8 25. Rxf7 Rxc5 26. dxc5 Qxc5 27. Rf2 a6 28. Rdf1 Ka7 29. Qg4 Qe7 30. h4 1-0